000 00944nac a22002777a 4500
001 BR8201770
003 BR-BrBNA
005 20240105115259.0
008 230509b bl.|||m| |||| 00| 0 por d
040 _aBR-BrBNA
_bpor
_cBiblioteca Nacional de Agricultura
072 _aL30; L36
090 _a6100 BR8201770
110 1 _aPrograma Integrado de Pesquisa Agropecuaria no Rio Grande do Sul, Porto Alegre (Brasil)
_97990
245 1 _aNiveis proteicos e energeticos em racoes para frangos de corte
260 3 _aPorto Alegre, RS (Brasil):
_c1982.
300 _a1 p.
490 _aPesquisa - Programa Integrado de Pesquisa Agropecuaria no Rio Grande do Sul (Brazil)
_vno. 60
_x
650 _aFRANGO DE CORTE
650 _aRACAO
650 _aDIETA
650 _aSUPLEMENTO ENERGETICO
650 _aSUPLEMENTO PROTEICO
650 _aEXIGENCIA NUTRICIONAL
909 _a202312
_bLúcia Elande
_c55
_dLúcia Elande
942 _2AGRIS
_n0
_cMS
999 _c274043
_d274043